00602nam a2200193Ia 4500003000900000008004100009020001800050040001600068080001700084100001900101245008400120260003300204300001000237490006500247650004100312650001800353650001800371650001900389IN-BaIIA211028s9999 xx 000 0 eng d a0-7458-0606-6 cIIA Library a523.481bMOO aMoore, Patrick 4aThe planet neptunecPatrick Moore  aEnglandbEllis Horwoodc1988 a144p. athe Ellis Horwood library of space science and space technol aAstronomy and astrophysics thesaurus aJoint planets aOuter planets aPlanet neptune